[Event "Challenge"]
[Site "http://www.queenalice.com/game.php?id=190154"]
[Date "2007.3.31"]
[Round "-"]
[White "marlon2006"]
[Black "adotti"]
[Result "1-0"]
[WhiteElo "1606"]
[BlackElo "1523"]

1. e4 e5 2. Nf3 Nc6 3. Nc3 Bb4 4. Nd5 Nf6 5. Nxb4 O-O 6. Nd3 d6 7. b3 Bg4 8. Be2
d5 9. Ng5 Bxe2 10. Qxe2 Qd7 11. O-O dxe4 12. Nxe4 Qe7 13. Bb2 Nd4 14. Nxf6+ Qxf6
15. Bxd4 exd4 16. Rfe1 Qc6 17. Nb4 Qc5 18. a3 a5 19. Nd3 Qxc2 20. b4 a4 21. h3
h6 22. Rec1 Qb3 23. Rxc7 Qd5 24. Qg4 Rab8 25. Nc5 Rfd8 26. Rd7 Qg5 27. Qxg5 hxg5
28. Rxd8+ Rxd8 29. Nxb7 Re8 30. d3 Re2 31. Nc5 f6 32. Kf1 Rd2 33. Ke1 Rc2 34.
Nxa4 Kf7 35. Nc5 g6 36. g3 f5 37. Nb3 Rc3 38. Nxd4 Rxd3 39. Nb5 Kf6 40. Rd1 Rf3
41. Rd6+ Ke5 42. Rxg6 f4 43. Rxg5+ Ke4 44. Ke2 Rd3 45. Rg4 Rb3 46. Rxf4+ Ke5 47.
h4 Rb2+ 48. Kf3 Rd2 49. Re4+ Kd5 50. h5 Rc2 51. h6 Rc8 52. Rd4+ Ke5 53. Re4+ Kd5
54. a4 Rh8 55. Rh4 Kc6 56. Rh5 Rh7 57. g4 Rf7+ 58. Kg3 Kb6 59. f3 Rh7 60. g5 1-0

[Event "AUTO-OPEN-606"]
[Site "http://www.queenalice.com/game.php?id=190328"]
[Date "2007.3.31"]
[Round "1"]
[White "arq40"]
[Black "adotti"]
[Result "1-0"]
[WhiteElo "1771"]
[BlackElo "1489"]

1. e4 e5 2. Nf3 Nc6 3. Bc4 Nf6 4. Nc3 Bb4 5. a3 Bc5 6. d3 O-O 7. O-O d6 8. h3 h6
9. Na4 Be6 10. Bxe6 fxe6 11. Nxc5 dxc5 12. Be3 Nd7 13. c3 a5 14. Qb3 Re8 15.
Rad1 a4 16. Qc2 Ra5 17. Bd2 Nf6 18. Rfe1 b6 19. d4 cxd4 20. cxd4 exd4 21. Bxa5
Nxa5 22. Rxd4 Qa8 23. Qxc7 Qc8 24. Qxb6 Nc4 25. Qb4 Qc6 26. Rxc4 Qd7 27. Qxa4
Rb8 28. Qxd7 Nxd7 29. b4 Nb6 30. Rc6 Kf7 31. Rd1 Nc8 32. Rd7+ Kf6 33. Rcc7 Nb6
34. Rf7+ Kg6 35. Rxg7+ Kf6 36. Rcf7# 1-0

[Event "AUTO-OPEN-606"]
[Site "http://www.queenalice.com/game.php?id=190329"]
[Date "2007.3.31"]
[Round "1"]
[White "adotti"]
[Black "arq40"]
[Result "0-1"]
[WhiteElo "1509"]
[BlackElo "1771"]

1. e4 e5 2. Nf3 Nc6 3. Bb5 d6 4. O-O Bd7 5. d3 Nf6 6. Bg5 Be7 7. Nc3 h6 8. Bh4
O-O 9. a4 a6 10. Bc4 Re8 11. h3 Na5 12. Bd5 Nxd5 13. exd5 Bxh4 14. Nxh4 Qxh4 15.
Qf3 b6 16. b4 Qxb4 17. Ne4 Bxa4 18. Rfc1 Qb5 19. c4 Qd7 20. Nf6+ gxf6 21. Qh5
Kh7 22. Kh2 Nb3 23. Rab1 Nxc1 24. Rxc1 Rg8 25. Ra1 b5 26. Rb1 Rg5 27. Qf3 Rag8
28. Rg1 Qf5 29. Qe2 bxc4 30. dxc4 Bd7 31. Qe3 Qg6 32. Qf3 Bxh3 33. Kxh3 Rh5+ 34.
Qxh5 Qxh5# 0-1

[Event "AUTO-INT-416"]
[Site "http://www.queenalice.com/game.php?id=196966"]
[Date "2007.4.14"]
[Round "1"]
[White "spawnwolfwolverine"]
[Black "adotti"]
[Result "1-0"]
[WhiteElo "1647"]
[BlackElo "1561"]

1. c4 e5 2. e4 Nf6 3. d3 Bc5 4. Bg5 O-O 5. Nc3 d6 6. Nf3 Bg4 7. Be2 Qc8 8. Bxf6
gxf6 9. O-O Nc6 10. a3 f5 11. Ng5 Bxe2 12. Qxe2 f4 13. Qh5 Re8 14. Qxf7+ Kh8 15.
Qxh7# 1-0

[Event "AUTO-INT-416"]
[Site "http://www.queenalice.com/game.php?id=196967"]
[Date "2007.4.14"]
[Round "1"]
[White "adotti"]
[Black "spawnwolfwolverine"]
[Result "0-1"]
[WhiteElo "1629"]
[BlackElo "1690"]

1. e4 c5 2. Nf3 d6 3. Bc4 e5 4. O-O Bg4 5. d3 Nc6 6. Bg5 Be7 7. Qd2 Bxf3 8. gxf3
Bxg5 9. Qc3 Bf4 10. Na3 Qh4 11. Nb5 Qxh2# 0-1

[Event "AUTO-INT-416"]
[Site "http://www.queenalice.com/game.php?id=196982"]
[Date "2007.4.14"]
[Round "1"]
[White "lukas2007"]
[Black "adotti"]
[Result "1/2-1/2"]
[WhiteElo "1469"]
[BlackElo "1491"]

1. Nf3 d5 2. d4 Nc6 3. e3 Bg4 4. h3 Bf5 5. Nh4 Be6 6. c3 Nf6 7. Nf3 Qd7 8. Ne5
Nxe5 9. dxe5 Ne4 10. Bd3 Nc5 11. b4 Na4 12. O-O O-O-O 13. Bc2 b5 14. Bxa4 bxa4
15. Qd4 c6 16. Qc5 h5 17. Qa5 h4 18. Qa6+ Qb7 19. Qxa4 Rh5 20. g4 Rxe5 21. Bb2
f5 22. c4 d4 23. Bxd4 Re4 24. c5 Bc4 25. Rc1 Bd5 26. Nc3 Re6 27. gxf5 Rh6 28. b5
cxb5 29. Qxb5 Rh5 30. Qxb7+ Kxb7 31. Rcb1+ Ka6 32. Nxd5 Rxd5 33. f4 Rhxf5 34.
Rb8 g5 35. Rf1 Bh6 36. e4 Rxd4 37. exf5 Rd5 38. Rh8 Bg7 39. Rg8 Bd4+ 40. Kh1
Rxf5 41. Rxg5 e6 42. Rxf5 exf5 43. c6 Kb6 44. Rc1 Kc7 45. a4 Be3 46. Rc4 Bb6 47.
Kg2 Kd6 48. Kf3 a5 49. Ke2 Kd5 50. Rc2 Bc7 51. Ke3 Ke6 52. Kd4 Bb6+ 53. Kd3 Kd5
54. c7 Bxc7 55. Rxc7 Kd6 1/2-1/2

[Event "AUTO-INT-416"]
[Site "http://www.queenalice.com/game.php?id=196983"]
[Date "2007.4.14"]
[Round "1"]
[White "adotti"]
[Black "lukas2007"]
[Result "1-0"]
[WhiteElo "1474"]
[BlackElo "1509"]

1. e4 d5 2. Nc3 dxe4 3. Nxe4 Qd5 4. d3 Qe5 5. Nf3 Qe6 6. d4 c6 7. Bd3 Nf6 8. Qe2
Nxe4 9. Bxe4 f5 10. Bd3 Qxe2+ 11. Bxe2 h6 12. O-O g5 13. Be3 f4 14. Bd2 Bf5 15.
Bd3 Bg4 16. Ne5 h5 17. Bg6+ Kd8 18. Nf7+ Kc8 19. Nxh8 Bg7 20. Nf7 Bxd4 21. Rae1
e6 22. h3 f3 23. Re4 fxg2 24. Rfe1 Bf3 25. Rxd4 Nd7 26. Nd6+ Kc7 27. Rxe6 Bd5
28. Ne8+ Rxe8 29. Rxe8 Nf6 30. Re7+ Kd6 31. Rxb7 c5 32. Ra4 Bxb7 33. Rxa7 Be4
34. Ra6+ Bc6 35. Bxg5 Nd7 36. Bf4+ Kd5 37. Bxh5 Ke4 38. Kxg2 Kxf4+ 39. Rxc6 Kg5
40. Be8 Nf6 41. Rxc5+ Kh4 42. a4 Ne4 43. Rc4 1-0

[Event "AUTO-INT-416"]
[Site "http://www.queenalice.com/game.php?id=196992"]
[Date "2007.4.14"]
[Round "1"]
[White "hugom"]
[Black "adotti"]
[Result "1-0"]
[WhiteElo "1463"]
[BlackElo "1530"]

1. e4 e5 2. Nf3 Nc6 3. Nc3 Nf6 4. Bc4 h6 5. O-O Bc5 6. d3 O-O 7. a3 d6 8. b4 Bb6
9. Nd5 Nxd5 10. exd5 Nd4 11. Be3 Bg4 12. h3 Bh5 13. a4 Nf5 14. Bxb6 cxb6 15. g4
Bg6 16. gxf5 Bxf5 17. a5 e4 18. Nd4 Bxh3 19. Re1 Re8 20. Qh5 Qd7 21. f3 bxa5 22.
dxe4 axb4 23. Kf2 Re5 24. Qh4 Rc8 25. Bb5 Qc7 26. Qxh3 Re7 27. Rxa7 Rb8 28. Qg3
Qc3 29. Ne2 Qxc2 30. Rg1 g6 31. Qxd6 Qc7 32. Qf6 b3 33. Nf4 Qc2+ 34. Ke3 Qc5+
35. Qd4 Qxb5 36. Qf6 Qc5+ 37. Qd4 Qd6 38. Nh5 Kf8 39. Qh8# 1-0

[Event "AUTO-INT-416"]
[Site "http://www.queenalice.com/game.php?id=196993"]
[Date "2007.4.14"]
[Round "1"]
[White "adotti"]
[Black "hugom"]
[Result "1-0"]
[WhiteElo "1527"]
[BlackElo "1482"]

1. e4 e5 2. Nf3 Nf6 3. Nc3 Nc6 4. Bb5 Nd4 5. O-O Bc5 6. d3 O-O 7. Bg5 a6 8. Bc4
b5 9. Bd5 c6 10. Bb3 h6 11. Bh4 b4 12. Na4 d6 13. c3 Nxf3+ 14. Qxf3 Bg4 15. Bxf6
Qxf6 16. Qxg4 g5 17. d4 exd4 18. cxd4 Bxd4 19. Rac1 c5 20. Nb6 Rad8 21. Nd5 Qe5
22. Qf3 Kg7 23. Nb6 Kg6 24. Nc4 Qe6 25. h3 d5 26. Nd2 f5 27. Bxd5 Qe5 28. Nc4
Qe7 29. Na5 Rc8 30. Bb7 Rc7 31. exf5+ Rxf5 32. Qd3 Qd6 33. g4 Rf7 34. Kg2 Be5
35. Qxd6+ Bxd6 36. Nc4 Rf4 37. Nxd6 Rd7 38. Be4+ Kf6 39. Rfd1 a5 40. Rxc5 Ke7
41. Rdd5 Rf6 42. Nf5+ Ke6 43. Rc6+ 1-0

[Event "Challenge"]
[Site "http://www.queenalice.com/game.php?id=211951"]
[Date "2007.5.16"]
[Round "-"]
[White "genethetrucker"]
[Black "adotti"]
[Result "0-1"]
[WhiteElo "1369"]
[BlackElo "1489"]

1. e4 Nc6 2. d4 e5 3. Nf3 d6 4. c3 Bg4 5. Be2 Nf6 6. Nbd2 Be7 7. d5 Na5 8. Qa4+
c6 9. Qxa5 Qxa5 10. Nc4 Qc7 11. Bg5 O-O 12. O-O cxd5 13. exd5 Ne4 14. Bxe7 Qxe7
15. Rfe1 h6 16. Bd3 Nc5 17. Bc2 b5 18. Na5 Bxf3 19. gxf3 Qg5+ 20. Kh1 Qd2 21.
Bf5 Qxf2 22. Rab1 Qxf3+ 0-1

[Event "Challenge"]
[Site "http://www.queenalice.com/game.php?id=214619"]
[Date "2007.5.22"]
[Round "-"]
[White "alexnu"]
[Black "adotti"]
[Result "1-0"]
[WhiteElo "1828"]
[BlackElo "1537"]

1. g4 e5 2. Bg2 Nf6 3. h3 Bc5 4. Nc3 O-O 5. d3 d6 6. Bg5 Nbd7 7. Be4 Qe8 8. Bg2
b6 9. Bxa8 Ba6 10. Bc6 Qe6 11. Nf3 Bd4 12. Nxd4 exd4 13. Bxd7 Nxd7 14. Ne4 d5
15. Nd2 c5 16. Nf3 f6 17. Bh4 Ne5 18. Nxe5 fxe5 19. Qd2 e4 20. O-O-O e3 21. fxe3
dxe3 22. Qe1 d4 23. Qg1 c4 24. b3 cxd3 25. exd3 Bb5 26. Re1 a5 27. Bf2 exf2 28.
Rxe6 fxg1=Q+ 29. Rxg1 Bd7 30. Rxb6 a4 31. b4 a3 32. Rb7 Be6 33. Kb1 Rf3 34. b5
Rxh3 35. b6 Bc8 36. Rb8 Kf7 37. Rxc8 g5 38. b7 Kf6 39. b8=Q h6 40. Rf1+ Ke6 41.
Rc6+ Kd7 42. Qd6+ Ke8 43. Rc8# 1-0

[Event "AUTO-INT-571"]
[Site "http://www.queenalice.com/game.php?id=254095"]
[Date "2007.8.10"]
[Round "1"]
[White "IkeBroflovski"]
[Black "adotti"]
[Result "0-1"]
[WhiteElo "586"]
[BlackElo "1527"]

1. Nf3 d5 2. c4 e6 3. b3 Bb4 4. Bb2 Nf6 5. g3 O-O 6. Bg2 Nc6 7. O-O h6 8. d4 a6
9. Nbd2 Re8 10. e3 e5 11. dxe5 Ne4 0-1

[Event "AUTO-INT-571"]
[Site "http://www.queenalice.com/game.php?id=254096"]
[Date "2007.8.10"]
[Round "1"]
[White "adotti"]
[Black "IkeBroflovski"]
[Result "1-0"]
[WhiteElo "1527"]
[BlackElo "586"]

1. e4 e6 2. d4 d5 3. Nc3 Nc6 4. Nf3 Nf6 5. Bg5 Be7 6. h4 dxe4 7. Nh2 Qxd4 8. Qe2
O-O 9. a4 Bb4 10. Bd2 e5 11. Bg5 Bxc3+ 12. bxc3 1-0

[Event "AUTO-INT-571"]
[Site "http://www.queenalice.com/game.php?id=254107"]
[Date "2007.8.10"]
[Round "1"]
[White "adotti"]
[Black "AnnE"]
[Result "1-0"]
[WhiteElo "1504"]
[BlackElo "1515"]

1. e4 e5 2. Nf3 Nc6 3. Bb5 a6 4. Bc4 Bc5 5. O-O Nf6 6. d3 O-O 7. Bg5 d6 8. Nc3
h6 9. Bh4 Be6 10. Bxe6 fxe6 11. h3 1-0